000 01353mam a2200337 a 4500
001 2128837
005 20220326193311.0
008 980217s1997 pe b 000 0 spa d
020 _a8483870568 (pbk.)
035 _a(OCoLC)ocm38452917
040 _aGZM
_cGZM
_dNYP
_dOCL
_dNNC
043 _as-pe---
_acl-----
082 _a305.898.08
_bL372d
090 _aF3429.3.S59
_b.L37 1997
100 1 _aLauer, Mirko.
_92115
245 1 0 _aAndes imaginarios :
_bdiscursos del indigenismo 2 /
_cMirko Lauer.
246 3 0 _aDiscursos del indigenismo 2
246 3 _aDiscursos del indigenismo dos
260 _aCusco :
_bCBC ;
_aLima :
_bSur Casa de Estudios del Socialismo,
_c1997.
300 _a125 p. ;
_c21 cm.
490 1 _aTemas de actualidad,
_x1022-0968 ;
_v4
504 _aIncludes bibliographical references (p. 111-125).
505 _tRaices del discurso indigenista 2
_tLa recepcion del indigenismo 2
_tApariciones desde el paisaje
_tLa alucinación Incaica
_tComentarios Finales
_tBibliografia
650 0 _aIndians of South America
_zPeru
_xSocial conditions.
_92116
650 0 _aIndians of South America
_zPeru
_xEthnic identity.
_92117
650 0 _aIndigenous peoples
_zLatin America.
_92118
650 0 _aSocial movements
_zPeru.
_92119
700 _aLauer, Mirko.
_92120
830 0 _aTemas de actualidad (Cuzco, Peru) ;
_v4.
_92121
999 _c439
_d439